| 000 | 00619nam a2200193 i 4500 | ||
|---|---|---|---|
| 001 | 98032 | ||
| 003 | ES-MaACL | ||
| 005 | 20250907063057.0 | ||
| 007 | t| | ||
| 008 | 050721s1928 sp ||||1| spa d | ||
| 100 | 1 |
_aMárquez, Manuel, _d1872-1962 _977011 |
|
| 245 | 1 | 0 |
_aLecciones de oftalmología clínica / _cpor el Dr. Manuel Márquez. |
| 260 |
_aMadrid : _b[s.n.], _c1928 ( _fImp. Julio Cosano) |
||
| 300 |
_aXVI, 309-706 p. : _bil. ; _c24 cm. |
||
| 500 | _aEs el 2º cuaderno. | ||
| 650 | 0 | 4 |
_aOftalmología. _915693 |
| 852 |
_aES-MaACL _jC-9072 _q- Ejemplar falto de portada |
||
| 999 |
_c98032 _d98032 |
||